Fińscy skoczkowie narciarscy z punktami PŚ w sezonie 2025/26 - Statystyki

Ogólne statystyki
  • Ten quiz został rozwiązany 11 razy
  • Średni wynik to 3 z 5
Statystyki odpowiedzi
Miejsce w PŚ Skoczek narciarski Liczba punktów % Poprawnych
22. Antti Aalto 395
91%
24. Niko Kytösaho 347
82%
60. Vilho Palosaari 14
64%
55. Eetu Nousiainen 24
55%
64. Jarkko Määttä 7
55%
Nie znaleziono quizów pasujących do podanych kryteriów
Rozkład punktacji
Procent ludzi z każdym wynikiem
Percentyl według liczby udzielonych odpowiedzi
Twoja historia wyników
Nie rozwiązałeś tego quizu